Normal view
MARC view
Entry Personal Name
001 - CONTROL NUMBER
- control field: 5149
003 - CONTROL NUMBER IDENTIFIER
- control field: BD-RjUL
005 - DATE AND TIME OF LATEST TRANSACTION
- control field: 20221010122755.0
008 - FIXED-LENGTH DATA ELEMENTS
- fixed length control field: 221010|| aca||aabn | a|a d
040 ## - CATALOGING SOURCE
- Original cataloging agency: BD-RjUL
- Transcribing agency: BD-RjUL
100 ## - HEADING--PERSONAL NAME
- Personal name: Fatehpuri, Zaheer # # فتح پوری, ظہیر
670 ## - SOURCE DATA FOUND
- Source citation: Work cat.: (BD-RjUL)80498: Fatehpuri, Zaheer # # فتح پوری, ظہیر, رسوا کی ناول نگاری # # rusuu ky nawal nagary /, 1970